000 00223nam a22000857a 4500
008 170119b xxu||||| |||| 00| 0 eng d
100 _92502
_aJaising.S.etal.
245 _aEnvironmental Education-5
260 _aNew Delhi
_bAPC
_c2010
999 _c5569
_d5569